| 000 | 00309nam a22001097a 4500 | ||
|---|---|---|---|
| 008 | 170110b xxu||||| |||| 00| 0 eng d | ||
| 020 | _a9781416062028 | ||
| 041 | _aeng | ||
| 080 |
_22ND _a618.2 |
||
| 245 |
_aSTRATEGIES FOR TEST SUCCESS PASSING NURSING SCHOOL AND THE NCLEX-EXAM _cSILVESTRI, L.A |
||
| 942 |
_2udc _cBK |
||
| 999 |
_c2633 _d2633 |
||